Obras de Wilhelm Dilthey : Hegel y el idealismo /
El filósofo e historiador Wilhelm Dilthey (1833-1911) es el representante más destacado del historicismo alemán. Su obra comprende estudios sobre el problema del conocimiento histórico y la investigación científica, obras historiográficas y ensayos. El problema central de su pensamiento filosófico e...
Tallennettuna:
| Päätekijä: | |
|---|---|
| Muut tekijät: | |
| Aineistotyyppi: | Kirja |
| Kieli: | espanja |
| Julkaistu: |
México :
Fondo de Cultura Económica,
1978, c1944
|
| Sarja: | (Sección de Obras de Filosofía)
|
| Aiheet: | |
| Tagit: |
Ei tageja, Lisää ensimmäinen tagi!
|
MARC
| LEADER | 00000nam^a2200000^a^4500 | ||
|---|---|---|---|
| 001 | 000258054 | ||
| 005 | 20250521000000.0 | ||
| 009 | 20260310110312.02 | ||
| 020 | |a 968-16-0033-9 | ||
| 025 | |a Donación Roberto Cruz Fuentes, 1 ejemplar | ||
| 037 | |a Acervo Xavier Clavigero | ||
| 041 | |a ESP | ||
| 082 | |a 149. |b DIL V. 5 | ||
| 100 | |a Dilthey, Wilhelm |e (autor) | ||
| 240 | 1 | 1 | |a [Obras de Wilhelm Dilthey] |
| 245 | 1 | 0 | |a Obras de Wilhelm Dilthey : |b Hegel y el idealismo / |c W. Dilthey ; epílogo y tr. por E. Imaz. |
| 264 | 4 | |a México : |b Fondo de Cultura Económica, |c 1978, c1944 | |
| 300 | |a 383 p. | ||
| 336 | |a texto |b txt |2 rdacontenido | ||
| 337 | |a sin mediación |b n |2 rdamedio | ||
| 338 | |a volumen |b nc |2 rdasoporte | ||
| 440 | 1 | |a (Sección de Obras de Filosofía) | |
| 500 | |a Traducción de: Die Jugendgeschichte Hegels und andere Abhandlungen zur Geschichte des deutschen Idealismus | ||
| 520 | |a El filósofo e historiador Wilhelm Dilthey (1833-1911) es el representante más destacado del historicismo alemán. Su obra comprende estudios sobre el problema del conocimiento histórico y la investigación científica, obras historiográficas y ensayos. El problema central de su pensamiento filosófico es la elaboración de una crítica de la razón histórica, destinada a establecer las posibilidades, los límites y los modos del conocimiento del mundo espiritual, en analogía con la fundamentación kantiana de la ciencia de la naturaleza. El presente volumen cinco lo dedica a la comprensión histórica del pensamiento hegeliano. | ||
| 649 | |a XX | ||
| 650 | |a Filósofos Alemanes | ||
| 650 | |a Idealismo - |z Alemania - |x Historia y Crítica - |x Tema Principal | ||
| 650 | |a Idealismo - |x Historia y Crítica | ||
| 650 | |a Fenomenología - |x Historia y Crítica | ||
| 650 | |a Historicismo | ||
| 650 | |a Filosofía del Siglo XIX - |x Historia y Crítica | ||
| 650 | |a Filosofía del Siglo XIX | ||
| 650 | |a Filosofía Alemana - |x Historia y Crítica | ||
| 650 | |a Filosofía Alemana | ||
| 650 | |a Hegel, Friedrich - |x Tema Principal | ||
| 740 | 0 | |a Hegel y el idealismo / |c W. Dilthey ; epílogo y tr. por E. Imaz. | |
| 700 | |a Imaz, Eugenio |e (epílogo y traducción) | ||
| 910 | |a Fondo Roberto Cruz Fuentes S.J. | ||
| 920 | |a Impresos - Libros | ||
| 930 | |a Fondos Especiales | ||
| 905 | |a 122 | ||
| 901 | |a 044123 |b IT2 |c ESP |i D |u 20250521 | ||
| 901 | |a 0500184477 |b IT2 |c ESP |i DFXC RCF |u 20250521 | ||
| 902 | |a https://opac.biblio.iteso.mx/vufind/Record/000258054 | ||